Código Civil. y leyes complementarias. Comentado, anotado y concordado. / Tomo 11, artículos 2611 a 2969. :

Guardado en:
Otros Autores: Kemelmajer de Carlucci, Aída, (coord.), Bono, Gustavo A., Carlucci, Fabiana I., Fornari, María J., Hayzus, Jorge R., Lavalle Cobo, Jorge E., Martinelli, Fabiana I., Mayo, Jorge A., Molina, Mariel., Orelle, José M. R., Puerta de Chacón, Alicia., Rabinovich-Berkman, Ricardo D., Racciatti, Hernán., Zannoni, Eduardo A.
Formato: Libro
Idioma:Spanish
Publicado: Buenos Aires : Astrea, 2007
Materias:
Etiquetas: Agregar Etiqueta
Sin Etiquetas, Sea el primero en etiquetar este registro!
LEADER 01124nam a22003255a 4500
001 DER.der012048
008 180615s2007####|||||||||||||||||#||spa||
005 20251201134830.0
245 1 0 |a Código Civil.  |n Tomo 11,  |p artículos 2611 a 2969. :  |b y leyes complementarias. Comentado, anotado y concordado. /  |c dirigido por Eduardo Zannoni. 
260 |a Buenos Aires :  |b Astrea,  |c 2007 
300 |a 1372 p. 
500 |a Leyes 13.512, 24.441, 26.061, 26.066 y 26.140. 
020 |a 9500080494 
700 1 |a Zannoni, Eduardo A.,  |e dir. 
700 1 |a Kemelmajer de Carlucci, Aída,  |e coord. 
700 1 |a Bono, Gustavo A. 
700 1 |a Carlucci, Fabiana I. 
700 1 |a Fornari, María J. 
700 1 |a Hayzus, Jorge R. 
700 1 |a Lavalle Cobo, Jorge E. 
700 1 |a Martinelli, Fabiana I. 
700 1 |a Mayo, Jorge A. 
700 1 |a Molina, Mariel. 
700 1 |a Orelle, José M. R. 
700 1 |a Puerta de Chacón, Alicia. 
700 1 |a Rabinovich-Berkman, Ricardo D. 
700 1 |a Racciatti, Hernán. 
700 1 |a Zannoni, Eduardo A. 
653 |a DERECHO CIVIL 
859 |a DERECHO  |b BIB. DERECHO  |h 346  |i COD  |p 006822  |3 Tomo 11